[Event "Golden Cleopatra op"]
[Site "Cairo"]
[Date "2016.12.14"]
[Round "2"]
[White "Abdel Fadil, Mohamed"]
[Black "Tawfeik, Ahmed Gamal"]
[Result "1-0"]
[WhiteElo "2287"]
[BlackElo "1936"]
[PlyCount "79"]
[EventDate "2016.12.13"]
[EventType "swiss"]
[EventRounds "10"]
[EventCountry "EGY"]
[SourceTitle "CBM 176 Extra"]
[Source "ChessBase"]
[SourceDate "2017.03.02"]
[SourceVersion "1"]
[SourceVersionDate "2017.03.02"]
[SourceQuality "1"]

1. e4 Nf6 2. e5 Nd5 3. d4 d6 4. c4 Nb6 5. exd6 exd6 6. Nc3 Nc6 7. Be3 Be7 8. Nf3 Bg4 9. b3 0-0 10. Be2 Re8 11. 0-0 Bf6 12. Qd2 d5 13. c5 Nc8 14. h3 Bf5 15. a3 Na5 16. Qa2 c6 17. b4 Nc4 18. Bxc4 dxc4 19. Qxc4 Ne7 20. Rad1 Be6 21. Qd3 Bf5 22. Qd2 Nd5 23. Rfe1 Nxc3 24. Qxc3 Qd5 25. Bg5 Bxg5 26. Nxg5 f6 27. Nf3 Kf7 28. Nd2 Rad8 29. Rxe8 Rxe8 30. Nc4 Re6 31. Ne3 Qe4 32. Qb3 Ke7 33. d5 cxd5 34. Nxd5+ Kf8 35. Ne3 Re8 36. b5 Be6 37. Qc3 Qg6 38. Kh2 Qe4 39. c6 bxc6 40. bxc6 1-0

[Event "Golden Cleopatra op"]
[Site "Cairo"]
[Date "2016.12.13"]
[Round "1"]
[White "Shokry, Yasser"]
[Black "Abdel Fadil, Mohamed"]
[Result "0-1"]
[WhiteElo "1715"]
[BlackElo "2287"]
[PlyCount "50"]
[EventDate "2016.12.13"]
[EventType "swiss"]
[EventRounds "10"]
[EventCountry "EGY"]
[SourceTitle "CBM 176 Extra"]
[Source "ChessBase"]
[SourceDate "2017.03.02"]
[SourceVersion "1"]
[SourceVersionDate "2017.03.02"]
[SourceQuality "1"]

1. c4 e5 2. Nc3 Nf6 3. e3 d6 4. d4 Nbd7 5. Bd3 Be7 6. Nf3 c6 7. 0-0 0-0 8. b3 Re8 9. Bb2 Bf8 10. Nd2 a6 11. Qc2 g6 12. Rad1 exd4 13. exd4 Bg7 14. Rde1 Nf8 15. Nce4 Nxe4 16. Rxe4 Rxe4 17. Bxe4 d5 18. cxd5 cxd5 19. Bd3 Bg4 20. h3 Rc8 21. Qb1 Bxh3 22. Nf3 Be6 23. Re1 Qa5 24. Ne5 f6 25. Nf3 Bf7 0-1

[Event "EGY-chT"]
[Site "Egypt"]
[Date "2016.05.09"]
[Round "5.3"]
[White "Abdel Fadil, Mohamed"]
[Black "Gabr, Mohsen"]
[Result "0-1"]
[WhiteElo "2236"]
[BlackElo "2248"]
[PlyCount "114"]
[EventDate "2016.05.05"]
[EventType "team-tourn"]
[EventRounds "9"]
[EventCountry "EGY"]
[SourceTitle "CBM 172 Extra"]
[Source "ChessBase"]
[SourceDate "2016.06.21"]
[SourceVersion "1"]
[SourceVersionDate "2016.06.21"]
[SourceQuality "1"]
[WhiteTeam "Gezeret Elward"]
[BlackTeam "El Rwad"]
[WhiteTeamCountry "EGY"]
[BlackTeamCountry "EGY"]

1. e4 c5 2. Nc3 g6 3. f4 Bg7 4. Nf3 a6 5. g3 Nc6 6. Bg2 d6 7. 0-0 e6 8. d3 Nge7 9. h3 0-0 10. Ne2 d5 11. e5 b6 12. d4 a5 13. c3 Ba6 14. g4 cxd4 15. Nfxd4 Nxd4 16. cxd4 Rc8 17. Be3 Nc6 18. Qd2 f6 19. Rfc1 Rf7 20. Rc3 Bf8 21. a3 a4 22. Rac1 Bc4 23. Bf2 Na5 24. Re1 Nb3 25. Qe3 f5 26. Nc1 Na5 27. Qg3 Rg7 28. h4 b5 29. Qh3 b4 30. Rg3 bxa3 31. bxa3 Nb3 32. h5 Rcc7 33. h6 Rgf7 34. Nxb3 Bxb3 35. Ra1 Qc8 36. Re3 fxg4 37. Qxg4 Bxh6 38. Bg3 Bc2 39. Qh4 Bf8 40. Bf1 Bf5 41. Be1 Be7 42. Qf2 Bc2 43. Re2 Rc4 44. Ra2 Bd3 45. Red2 Bxf1 46. Kxf1 g5 47. Rdc2 Rxc2 48. Rxc2 Qa6+ 49. Kg2 Rxf4 50. Qe2 Qxe2+ 51. Rxe2 Rxd4 52. Rb2 Bxa3 53. Rb6 Kf7 54. Rb7+ Kg6 55. Rb6 Kf5 56. Rb7 h5 57. Rf7+ Kg4 0-1

[Event "EGY-chT"]
[Site "Egypt"]
[Date "2016.05.08"]
[Round "4.3"]
[White "Ismail, Reda"]
[Black "Abdel Fadil, Mohamed"]
[Result "0-1"]
[WhiteElo "2142"]
[BlackElo "2236"]
[PlyCount "62"]
[EventDate "2016.05.05"]
[EventType "team-tourn"]
[EventRounds "9"]
[EventCountry "EGY"]
[SourceTitle "CBM 172 Extra"]
[Source "ChessBase"]
[SourceDate "2016.06.21"]
[SourceVersion "1"]
[SourceVersionDate "2016.06.21"]
[SourceQuality "1"]
[WhiteTeam "Hawamdia"]
[BlackTeam "Gezeret Elward"]
[WhiteTeamCountry "EGY"]
[BlackTeamCountry "EGY"]

1. Nf3 Nf6 2. g3 d6 3. Bg2 g6 4. 0-0 e5 5. d4 Nbd7 6. b3 Bg7 7. dxe5 dxe5 8. Ba3 c5 9. Qd6 Bf8 10. Qd2 Qc7 11. Nc3 a6 12. Nd5 Nxd5 13. Qxd5 Be7 14. Bh3 Nb6 15. Qe4 Bxh3 16. Nxe5 Bf5 17. Qe3 Nd5 18. Qd2 Qxe5 19. c4 Nf6 20. Bb2 Qe6 21. f3 Rd8 22. Qc3 Bh3 23. Rfe1 h5 24. e4 h4 25. g4 Bxg4 26. fxg4 Qxg4+ 27. Kh1 h3 28. Qg3 Qxg3 29. hxg3 Rd2 30. Be5 Rh5 31. Bf4 Rg2 0-1

[Event "EGY-chT"]
[Site "Egypt"]
[Date "2016.05.07"]
[Round "3.3"]
[White "Abdel Fadil, Mohamed"]
[Black "Hamdy, Mohamed"]
[Result "1/2-1/2"]
[WhiteElo "2236"]
[BlackElo "2087"]
[PlyCount "71"]
[EventDate "2016.05.05"]
[EventType "team-tourn"]
[EventRounds "9"]
[EventCountry "EGY"]
[SourceTitle "CBM 172 Extra"]
[Source "ChessBase"]
[SourceDate "2016.06.21"]
[SourceVersion "1"]
[SourceVersionDate "2016.06.21"]
[SourceQuality "1"]
[WhiteTeam "Gezeret Elward"]
[BlackTeam "Kanal Suez"]
[WhiteTeamCountry "EGY"]
[BlackTeamCountry "EGY"]

1. e4 c6 2. d4 d5 3. exd5 cxd5 4. Bd3 Nc6 5. c3 Nf6 6. Bf4 g6 7. Nd2 Bg7 8. Ngf3 Nh5 9. Bg3 f5 10. Be5 Nxe5 11. Nxe5 Bxe5 12. dxe5 0-0 13. Qf3 e6 14. g3 d4 15. Bc4 dxc3 16. Qxc3 Qb6 17. Be2 Bd7 18. Nc4 Qc7 19. f4 Ng7 20. Nd6 Qxc3+ 21. bxc3 b6 22. 0-0 Ne8 23. Rfd1 Rd8 24. Bc4 Nxd6 25. exd6 Kf7 26. Rd4 Bc6 27. Rd3 Rd7 28. Rad1 Kf6 29. Bb3 e5 30. fxe5+ Kxe5 31. Re1+ Be4 32. c4 Re8 33. c5 bxc5 34. Rd5+ Kf6 35. Rxc5 Rxd6 36. Kf2 1/2-1/2

[Event "Cairo Egyptian op"]
[Site "Cairo"]
[Date "2016.04.28"]
[Round "9"]
[White "Adly, Ahmed"]
[Black "Abdel Fadil, Mohamed"]
[Result "1-0"]
[WhiteElo "2601"]
[BlackElo "2217"]
[PlyCount "81"]
[EventDate "2016.04.22"]
[EventType "swiss"]
[EventRounds "9"]
[EventCountry "EGY"]
[SourceTitle "CBM 172 Extra"]
[Source "ChessBase"]
[SourceDate "2016.06.21"]
[SourceVersion "1"]
[SourceVersionDate "2016.06.21"]
[SourceQuality "1"]

1. d4 Nf6 2. Nf3 d6 3. g3 Nbd7 4. Bg2 c6 5. 0-0 e5 6. c4 Be7 7. Nc3 0-0 8. e4 Re8 9. h3 a6 10. Qc2 Bf8 11. Rd1 Qc7 12. Be3 b5 13. Rac1 b4 14. Ne2 a5 15. g4 g6 16. Ng3 exd4 17. Nxd4 Nb8 18. e5 dxe5 19. Nb5 Qe7 20. Bg5 Bg7 21. Ne4 Rf8 22. Qe2 h6 23. Nxf6+ Bxf6 24. Bxh6 Rd8 25. Rxd8+ Qxd8 26. Rd1 Qe7 27. Rc1 Qd8 28. Rd1 Qe7 29. Qd2 Bd7 30. Be3 Be6 31. g5 Bg7 32. Qd8+ Bf8 33. Nc7 Qxd8 34. Rxd8 Na6 35. Nxa8 Kg7 36. Bxc6 Bxc4 37. Bd5 Bb5 38. Nb6 Nc7 39. Bc4 Bc6 40. Rc8 Bd6 41. Bc5 1-0

[Event "Cairo Egyptian op"]
[Site "Cairo"]
[Date "2015.11.21"]
[Round "8"]
[White "Abdel Fadil, Mohamed"]
[Black "Elgabry, Mohsen"]
[Result "0-1"]
[WhiteElo "2198"]
[BlackElo "2371"]
[PlyCount "84"]
[EventDate "2015.11.15"]
[EventType "swiss"]
[EventRounds "11"]
[EventCountry "EGY"]
[SourceTitle "CBM 170 Extra"]
[Source "ChessBase"]
[SourceDate "2016.02.25"]
[SourceVersion "1"]
[SourceVersionDate "2016.02.25"]
[SourceQuality "1"]

1. e4 b6 2. d4 Bb7 3. Nc3 e6 4. Nf3 Bb4 5. Bd3 Nf6 6. e5 Ne4 7. Bd2 Nxd2 8. Qxd2 f5 9. Be2 0-0 10. a3 Bxc3 11. bxc3 Nc6 12. h4 Ne7 13. h5 Rc8 14. Rd1 Bxf3 15. gxf3 d5 16. f4 c5 17. Rg1 Rf7 18. Rg3 Nc6 19. Kf1 Na5 20. c4 cxd4 21. Qxd4 Rd7 22. Kg2 Nxc4 23. Bd3 Qe7 24. h6 g6 25. Kh3 Qc5 26. Qa1 Qf8 27. Qc1 Qxh6+ 28. Kg2 Qf8 29. Rh1 Rg7 30. a4 Qb4 31. Qd1 Nb2 32. Qf3 Nxd3 33. cxd3 Qxa4 34. Rh4 Rc1 35. Kh2 Qd1 36. Qg2 b5 37. Rgh3 Qf1 38. Qxf1 Rxf1 39. Kg2 Rc1 40. d4 b4 41. Rh1 Rxh1 42. Rxh1 Rb7 0-1

[Event "Alexandria op 18th"]
[Site "Alexandria"]
[Date "2012.09.03"]
[Round "8"]
[White "Khalid, El Amin"]
[Black "Abdel Fadil, Mohamed"]
[Result "0-1"]
[WhiteElo "2023"]
[BlackElo "2231"]
[PlyCount "102"]
[EventDate "2012.08.27"]
[EventType "swiss"]
[EventRounds "9"]
[EventCountry "EGY"]
[SourceTitle "CBM 150 Extra"]
[Source "ChessBase"]
[SourceDate "2012.10.19"]
[SourceVersion "1"]
[SourceVersionDate "2012.10.19"]
[SourceQuality "1"]

1. Nf3 Nf6 2. g3 d6 3. Bg2 e5 4. d3 Be7 5. e4 c6 6. 0-0 0-0 7. h3 Nbd7 8. Nc3 Ne8 9. d4 Qc7 10. Be3 a6 11. a4 Nb6 12. dxe5 dxe5 13. Nxe5 Nxa4 14. Nxa4 Qxe5 15. Nb6 Rb8 16. Bf4 Qb5 17. Bxb8 Qxb6 18. Be5 Nc7 19. b3 Ne6 20. Qe2 Bc5 21. Rad1 Re8 22. Bb2 Bd4 23. Bxd4 Nxd4 24. Qc4 Nb5 25. b4 Be6 26. Qc5 Qxc5 27. bxc5 a5 28. Ra1 Ra8 29. Rfd1 Kf8 30. f4 g6 31. g4 Nc3 32. Rd2 a4 33. f5 Bc4 34. Kf2 a3 35. Rd4 Bb5 36. f6 Ke8 37. Bf1 a2 38. Bc4 Ra4 39. Ke3 Bxc4 40. g5 Nb5 41. Rxc4 Rxc4 42. Rxa2 Rxc5 43. Ra8+ Kd7 44. h4 Nd6 45. Rh8 Re5 46. Rxh7 Rxe4+ 47. Kd3 Ke6 48. Rh8 Kd5 49. Rd8 Rd4+ 50. Kc3 Rxh4 51. Kb3 b5 0-1

[Event "Mahalla op 14th"]
[Site "Mahalla"]
[Date "2012.07.17"]
[Round "9"]
[White "Abdel Fadil, Mohamed"]
[Black "Sameeh, Hany"]
[Result "1-0"]
[WhiteElo "2198"]
[BlackElo "2279"]
[PlyCount "85"]
[EventDate "2012.07.09"]
[EventType "swiss"]
[EventRounds "9"]
[EventCountry "EGY"]
[SourceTitle "EXT 2019"]
[Source "ChessBase"]
[SourceDate "2018.10.10"]
[SourceVersion "1"]
[SourceVersionDate "2018.10.10"]
[SourceQuality "1"]

1. e4 c5 2. Nc3 Nc6 3. f4 g6 4. Nf3 Bg7 5. Bb5 Nd4 6. 0-0 a6 7. Bd3 e6 8. Nxd4 Bxd4+ 9. Kh1 Ne7 10. Ne2 Bg7 11. f5 Nc6 12. Ng3 0-0 13. c3 d5 14. Bc2 d4 15. d3 dxc3 16. bxc3 Bxc3 17. Bh6 Bxa1 18. Qxa1 Nd4 19. fxg6 hxg6 20. Bd1 e5 21. Qc1 b6 22. Bxf8 Kxf8 23. Qh6+ Kg8 24. h4 Be6 25. Ne2 Bxa2 26. Ng1 Ne6 27. Rf3 Nd4 28. Rf2 Be6 29. g4 Qf8 30. Qg5 Qg7 31. Nh3 Nc6 32. h5 gxh5 33. Qh4 hxg4 34. Rg2 f5 35. exf5 Bd5 36. Bb3 Bxb3 37. Rxg4 Bd5+ 38. Kh2 Ra7 39. f6 Qxg4 40. Qxg4+ Kf8 41. Ng5 Rc7 42. Qh5 Kg8 43. Qe8# 1-0

[Event "EGY-ch Masters"]
[Site "Cairo"]
[Date "2009.11.22"]
[Round "7.1"]
[White "Elzayady, Ahmed"]
[Black "Abdel Fadil, Mohamed"]
[Result "0-1"]
[WhiteElo "2136"]
[BlackElo "2205"]
[PlyCount "130"]
[EventDate "2009.11.15"]
[EventType "swiss"]
[EventRounds "8"]
[EventCountry "EGY"]
[SourceTitle "EXT 2024"]
[Source "ChessBase"]
[SourceDate "2023.10.10"]
[SourceVersion "1"]
[SourceVersionDate "2023.10.10"]
[SourceQuality "1"]

1. d4 Nf6 2. c4 d6 3. Nc3 Nbd7 4. Nf3 c6 5. g3 e5 6. Bg2 Be7 7. 0-0 0-0 8. Qc2 Re8 9. Rd1 Qc7 10. h3 a6 11. Bd2 Nf8 12. Rac1 g6 13. b4 Ne6 14. Qb2 Ng7 15. dxe5 dxe5 16. Na4 Nd7 17. Bg5 f6 18. Bd2 Nf8 19. Be3 Be6 20. Bb6 Qc8 21. Be3 Nd7 22. Kh2 Qc7 23. Bd2 Nb6 24. Nxb6 Qxb6 25. c5 Qc7 26. e4 Rad8 27. Be3 Rxd1 28. Rxd1 Rd8 29. Re1 Bf7 30. a4 Rd3 31. Nd2 Ne6 32. Bf1 Rd8 33. Nf3 Bf8 34. Be2 Bg7 35. Nh4 Nd4 36. Bd1 Qd7 37. Bg4 Be6 38. Bxe6+ Qxe6 39. Rb1 Qc4 40. Rc1 Qe6 41. Re1 Qc4 42. Rc1 Qd3 43. Qb1 Qa3 44. a5 Bf8 45. Rd1 Be7 46. Rd3 Nf3+ 47. Nxf3 Rxd3 48. Ne1 Rd8 49. Nc2 Qd3 50. Qa2+ Kg7 51. Ne1 Qd7 52. Kg2 Bf8 53. g4 Qf7 54. Qc2 Kg8 55. Nf3 Bg7 56. Nd2 Bf8 57. Nc4 Qe6 58. f4 exf4 59. Bxf4 Rd4 60. Nd2 Bg7 61. Qc3 f5 62. gxf5 gxf5 63. Kf3 fxe4+ 64. Kf2 Rd3 65. Qc4 Rxd2+ 0-1

[Event "EGY-ch Masters"]
[Site "Cairo"]
[Date "2009.11.17"]
[Round "3.1"]
[White "Abdel Fadil, Mohamed"]
[Black "Eltokhy, Essam"]
[Result "1-0"]
[WhiteElo "2205"]
[BlackElo "2093"]
[PlyCount "72"]
[EventDate "2009.11.15"]
[EventType "swiss"]
[EventRounds "8"]
[EventCountry "EGY"]
[SourceTitle "EXT 2024"]
[Source "ChessBase"]
[SourceDate "2023.10.10"]
[SourceVersion "1"]
[SourceVersionDate "2023.10.10"]
[SourceQuality "1"]

1. e4 c6 2. d4 d5 3. exd5 cxd5 4. Bd3 Nf6 5. c3 Nbd7 6. Bf4 e6 7. h3 Qb6 8. Qe2 Bd6 9. Bxd6 Qxd6 10. Nf3 0-0 11. Nbd2 a6 12. Ne5 b5 13. 0-0 Bb7 14. f4 g6 15. Rae1 Nb6 16. Nb3 Ne4 17. Bxe4 dxe4 18. Nc5 Bd5 19. Nxe4 Qe7 20. b3 Rac8 21. Nc5 Ba8 22. Qf2 Nd5 23. c4 bxc4 24. bxc4 Rxc5 25. dxc5 Nc3 26. Qd4 Nxa2 27. Nd7 Rc8 28. Nf6+ Kf8 29. Nxh7+ Kg8 30. Nf6+ Kf8 31. Ne4 Qb7 32. Rf2 Nb4 33. Qh8+ Ke7 34. Qf6+ Kf8 35. Nd6 Kg8 36. Nxb7 Bxb7 1-0

[Event "EGY-ch Masters"]
[Site "Cairo"]
[Date "2009.11.15"]
[Round "1.1"]
[White "Abdel Fadil, Mohamed"]
[Black "Fouad, Abo Bakr"]
[Result "1/2-1/2"]
[WhiteElo "2205"]
[BlackElo "2036"]
[PlyCount "92"]
[EventDate "2009.11.15"]
[EventType "swiss"]
[EventRounds "8"]
[EventCountry "EGY"]
[SourceTitle "EXT 2024"]
[Source "ChessBase"]
[SourceDate "2023.10.10"]
[SourceVersion "1"]
[SourceVersionDate "2023.10.10"]
[SourceQuality "1"]

1. e4 c5 2. Nc3 Nc6 3. f4 d6 4. Bb5 Nf6 5. Nf3 g6 6. 0-0 Bg7 7. Bxc6+ bxc6 8. d3 0-0 9. Qe1 Bg4 10. Qh4 Bxf3 11. Rxf3 Ne8 12. g4 e6 13. g5 Bd4+ 14. Kh1 f5 15. Ne2 Qd7 16. c3 Bh8 17. Be3 c4 18. exf5 exf5 19. dxc4 c5 20. Kg1 Qb7 21. Rh3 Rf7 22. b3 a5 23. Qe1 a4 24. Rb1 axb3 25. axb3 Ra2 26. Qf1 Qe4 27. Re1 Rfa7 28. Nc1 Bxc3 29. Nxa2 Bxe1 30. Qxe1 Rxa2 31. Bf2 Re2 32. Qc1 Ng7 33. Re3 Rxe3 34. Qxe3 Kf7 35. Qd2 Ne6 36. Be3 Ke7 37. Kf2 Kd7 38. Kg3 Ng7 39. Kf2 Qh1 40. Qa5 Qxh2+ 41. Ke1 Qh1+ 42. Kd2 Ne6 43. b4 Qg2+ 44. Kc3 cxb4+ 45. Qxb4 Nd8 46. Qa4+ Nc6 1/2-1/2

[Event "Assiut op 5th"]
[Site "Assiut"]
[Date "2009.08.11"]
[Round "7"]
[White "Abdel Fadil, Mohamed"]
[Black "Amin, Ashraf"]
[Result "0-1"]
[WhiteElo "2193"]
[BlackElo "2357"]
[PlyCount "80"]
[EventDate "2009.08.04"]
[EventType "swiss"]
[EventRounds "9"]
[EventCountry "EGY"]
[SourceTitle "EXT 2010"]
[Source "ChessBase"]
[SourceDate "2010.11.25"]
[SourceVersion "1"]
[SourceVersionDate "2010.11.25"]
[SourceQuality "1"]

1. e4 c5 2. Nc3 Nc6 3. f4 g6 4. Nf3 Bg7 5. Bb5 Nd4 6. 0-0 e6 7. Bc4 a6 8. a4 Ne7 9. Nxd4 cxd4 10. Ne2 d5 11. exd5 Nxd5 12. Ng3 b6 13. Qe2 0-0 14. Ra3 Nb4 15. d3 Bb7 16. Ne4 Rc8 17. Ng5 h6 18. Nf3 Nxc2 19. Qxc2 b5 20. axb5 axb5 21. b3 bxc4 22. bxc4 Ra8 23. Bb2 Qd6 24. Rb3 Bc6 25. Qc1 Rab8 26. Ba3 Qc7 27. Rxb8 Rxb8 28. Nd2 f5 29. c5 e5 30. fxe5 Bxe5 31. h3 Bh2+ 32. Kh1 Bxg2+ 33. Kxg2 Qg3+ 34. Kh1 Qxh3 35. Rf3 Bg3+ 36. Kg1 Qh2+ 37. Kf1 Qh1+ 38. Ke2 Re8+ 39. Ne4 Qg2+ 40. Kd1 Qxf3+ 0-1

[Event "Assiut op 5th"]
[Site "Assiut"]
[Date "2009.08.10"]
[Round "6"]
[White "Mosallam, Hossam"]
[Black "Abdel Fadil, Mohamed"]
[Result "0-1"]
[WhiteElo "2113"]
[BlackElo "2193"]
[PlyCount "121"]
[EventDate "2009.08.04"]
[EventType "swiss"]
[EventRounds "9"]
[EventCountry "EGY"]
[SourceTitle "EXT 2010"]
[Source "ChessBase"]
[SourceDate "2010.11.25"]
[SourceVersion "1"]
[SourceVersionDate "2010.11.25"]
[SourceQuality "1"]

1. c4 e5 2. e3 d6 3. Nc3 Nf6 4. Qc2 c6 5. Nf3 Be7 6. d4 Qc7 7. Be2 0-0 8. 0-0 Re8 9. b3 a6 10. Bb2 Nbd7 11. Rac1 Nf8 12. Rfd1 Ng6 13. b4 Bf8 14. b5 Bd7 15. bxa6 bxa6 16. dxe5 dxe5 17. Ng5 Rab8 18. c5 h6 19. Nge4 Nxe4 20. Nxe4 Bf5 21. Ba1 Ne7 22. Bc4 Red8 23. Rd6 Nd5 24. Bxe5 Bxd6 25. Bxd6 Rxd6 26. cxd6 Qd7 27. Bxd5 cxd5 28. Qc7 Rd8 29. Ng3 Bd3 30. Rc6 g6 31. h4 h5 32. Rb6 Bb5 33. Rb8 Rxb8 34. Qxb8+ Kg7 35. Qc7 Kf6 36. Ne2 Qxc7 37. dxc7 Bd7 38. Nf4 Ke5 39. Kf1 Kd6 40. Ke2 Kxc7 41. Nxd5+ Kd6 42. Nc3 Kc5 43. Kd3 Kb4 44. f4 Ka3 45. e4 Be6 46. Nd5 Kxa2 47. Kd4 Kb3 48. Ke5 a5 49. Nb6 a4 50. Nxa4 Kxa4 51. f5 gxf5 52. exf5 Bc4 53. Kf6 Kb5 54. Kg5 Be2 55. Kf6 Bg4 56. Kxf7 Bxf5 57. Kf6 Bg4 58. Ke5 Kc4 59. Ke4 Kc3 60. Ke3 Kc2 61. Kf2 0-1

[Event "Assiut op 5th"]
[Site "Assiut"]
[Date "2009.08.08"]
[Round "5"]
[White "Abdel Fadil, Mohamed"]
[Black "Elbaruni, Mohamed"]
[Result "1-0"]
[WhiteElo "2193"]
[BlackElo "2075"]
[PlyCount "67"]
[EventDate "2009.08.04"]
[EventType "swiss"]
[EventRounds "9"]
[EventCountry "EGY"]
[SourceTitle "EXT 2010"]
[Source "ChessBase"]
[SourceDate "2010.11.25"]
[SourceVersion "1"]
[SourceVersionDate "2010.11.25"]
[SourceQuality "1"]

1. e4 e5 2. Bc4 Nf6 3. d4 exd4 4. Nf3 c5 5. 0-0 Be7 6. e5 Ne4 7. c3 d5 8. Bb5+ Bd7 9. Bxd7+ Nxd7 10. cxd4 0-0 11. Nc3 cxd4 12. Qxd4 Nxc3 13. bxc3 Nb6 14. a4 Rc8 15. a5 Rc4 16. Qd1 Na8 17. Nd4 Nc7 18. Qb3 Qc8 19. Bd2 Bc5 20. Ra4 Rxa4 21. Qxa4 Ne6 22. Nf5 Qc7 23. Re1 Rd8 24. Qg4 Kh8 25. Bg5 Re8 26. h4 Qxa5 27. Qg3 d4 28. Rc1 dxc3 29. Nxg7 Nxg7 30. Bf6 Rg8 31. Rxc3 h6 32. Qf4 Kh7 33. Qe4+ Kh8 34. Rg3 1-0

[Event "Assiut op 5th"]
[Site "Assiut"]
[Date "2009.08.07"]
[Round "4"]
[White "Elkady, Moustafa"]
[Black "Abdel Fadil, Mohamed"]
[Result "0-1"]
[WhiteElo "1981"]
[BlackElo "2193"]
[PlyCount "75"]
[EventDate "2009.08.04"]
[EventType "swiss"]
[EventRounds "9"]
[EventCountry "EGY"]
[SourceTitle "EXT 2010"]
[Source "ChessBase"]
[SourceDate "2010.11.25"]
[SourceVersion "1"]
[SourceVersionDate "2010.11.25"]
[SourceQuality "1"]

1. d4 Nf6 2. Nf3 e6 3. g3 b6 4. Bg2 Bb7 5. 0-0 Be7 6. c4 0-0 7. d5 d6 8. dxe6 fxe6 9. Bh3 e5 10. Ng5 Qe8 11. Ne6 Qc6 12. f3 Bc8 13. Qb3 Na6 14. Be3 Kh8 15. Nc3 Bxe6 16. Bxe6 Nc5 17. Bxc5 Qxc5+ 18. Kg2 Qe3 19. Nd5 Qc5 20. Qb5 Bd8 21. Qxc5 bxc5 22. Nxf6 Rxf6 23. Bd5 Rb8 24. b3 g6 25. f4 exf4 26. gxf4 Rf8 27. Bc6 Bf6 28. Rad1 Rf7 29. e4 Bd4 30. Bd5 Rf6 31. f5 g5 32. h4 gxh4 33. Rh1 c6 34. Be6 Rh6 35. Rh3 Rb7 36. Kf3 Rg7 37. Rdh1 Rh5 38. Rxh4 0-1

[Event "Egypt op"]
[Site "Egypt"]
[Date "2009.07.26"]
[Round "6"]
[White "Abdel Fadil, Mohamed"]
[Black "Abdel Rahman, Alla"]
[Result "1-0"]
[WhiteElo "2193"]
[BlackElo "2189"]
[PlyCount "87"]
[EventDate "2009.07.20"]
[EventType "swiss"]
[EventRounds "9"]
[EventCountry "EGY"]
[SourceTitle "EXT 2011"]
[Source "ChessBase"]
[SourceDate "2010.11.26"]
[SourceVersion "1"]
[SourceVersionDate "2010.11.26"]
[SourceQuality "1"]

1. e4 c5 2. Nc3 g6 3. f4 Bg7 4. Nf3 Nc6 5. Bb5 Nd4 6. 0-0 e6 7. d3 Ne7 8. Nxd4 cxd4 9. Ne2 0-0 10. Ba4 a6 11. Qe1 b5 12. Bb3 d5 13. e5 Nc6 14. Qf2 f6 15. Nxd4 Nxd4 16. Qxd4 fxe5 17. fxe5 Rxf1+ 18. Kxf1 Qc7 19. Bf4 Bb7 20. Kg1 Rf8 21. Re1 Qf7 22. Bg3 Qf5 23. Qe3 d4 24. Qxd4 Bh6 25. Qb6 Bc6 26. Qf2 Qg4 27. Qe2 Qd4+ 28. Bf2 Qd7 29. c3 a5 30. d4 a4 31. Bc2 Bd5 32. Bd3 Qb7 33. Bg3 Bc4 34. b3 axb3 35. axb3 Bxb3 36. Bxb5 Ra8 37. c4 Ra2 38. Qf3 Qxf3 39. gxf3 Bd2 40. Re2 Bd1 41. Rxd2 Rxd2 42. d5 exd5 43. e6 Ba4 44. Bxa4 1-0

[Event "Sohag op"]
[Site "Sohag"]
[Date "2009.03.08"]
[Round "7"]
[White "Magdy, Andro"]
[Black "Abdel Fadil, Mohamed"]
[Result "0-1"]
[WhiteElo "1897"]
[BlackElo "2228"]
[PlyCount "61"]
[EventDate "2009.03.02"]
[EventType "swiss"]
[EventRounds "9"]
[EventCountry "EGY"]
[SourceTitle "CBM 129 Extra"]
[Source "ChessBase"]
[SourceDate "2009.05.05"]
[SourceVersion "2"]
[SourceVersionDate "2009.05.20"]
[SourceQuality "1"]

1. d4 Nf6 2. c4 e6 3. Nc3 Bb4 4. Bg5 d5 5. e3 c6 6. Qc2 Nbd7 7. cxd5 cxd5 8. Bxf6 Qxf6 9. Nf3 0-0 10. Bd3 h6 11. 0-0 Nb6 12. Ne5 Bd7 13. a3 Bd6 14. f4 Qe7 15. Qe2 Be8 16. Qg4 f5 17. Qe2 Rc8 18. Rac1 Bxe5 19. fxe5 a6 20. Na2 Ba4 21. Rc3 Rxc3 22. Nxc3 Bb3 23. Rc1 Qg5 24. Nd1 Nc4 25. Rc3 Bxd1 26. Qxd1 Qxe3+ 27. Kh1 Qxd4 28. Qe2 b5 29. Bxc4 dxc4 30. h3 Rd8 31. Kh2 0-1

[Event "EGY-chT 0708"]
[Site "Egypt"]
[Date "2007.11.09"]
[Round "2"]
[White "Abdel Fadil, Mohamed"]
[Black "Amin, Bassem"]
[Result "1/2-1/2"]
[WhiteElo "2259"]
[BlackElo "2547"]
[PlyCount "100"]
[EventDate "2007.11.02"]
[EventType "team-tourn"]
[EventRounds "3"]
[EventCountry "EGY"]
[SourceTitle "EXT 2009"]
[Source "ChessBase"]
[SourceDate "2008.11.26"]
[SourceVersion "1"]
[SourceVersionDate "2008.11.26"]
[SourceQuality "1"]
[WhiteTeam "El Ray"]
[BlackTeam "El Dakhlia"]
[WhiteTeamCountry "EGY"]
[BlackTeamCountry "EGY"]

1. e4 e5 2. Nf3 Nc6 3. Bb5 a6 4. Ba4 Nf6 5. Qe2 b5 6. Bb3 Bc5 7. c3 0-0 8. 0-0 d5 9. d3 d4 10. Bg5 h6 11. Bxf6 Qxf6 12. Bd5 dxc3 13. bxc3 Bb7 14. Nbd2 Rad8 15. Bxc6 Bxc6 16. Rfd1 Rd7 17. Nf1 Rfd8 18. Ne3 Qe6 19. Rab1 g6 20. c4 Bxe3 21. Qxe3 bxc4 22. Qxh6 Ba4 23. Ng5 Qf6 24. Qh7+ Kf8 25. Qh4 Ke7 26. Rf1 Rh8 27. Qg4 Rh5 28. h4 cxd3 29. f4 exf4 30. Rxf4 Rxg5 31. Qxd7+ Bxd7 32. Rxf6 Kxf6 33. hxg5+ Kxg5 34. Kf2 Kf4 35. g3+ Kxe4 36. Rb4+ Kd5 37. Ke3 Kc5 38. Rf4 Bf5 39. g4 Be6 40. a3 g5 41. Re4 Bd5 42. Re5 Kc4 43. Rxg5 c5 44. Rf5 Be6 45. Rg5 a5 46. Re5 a4 47. g5 Bd5 48. Rf5 Be6 49. Re5 Bd5 50. Rf5 Be6 1/2-1/2

[Event "EGY-chT 0708"]
[Site "Egypt"]
[Date "2007.11.02"]
[Round "1"]
[White "Sarwat, Walaa"]
[Black "Abdel Fadil, Mohamed"]
[Result "1-0"]
[WhiteElo "2388"]
[BlackElo "2259"]
[PlyCount "103"]
[EventDate "2007.11.02"]
[EventType "team-tourn"]
[EventRounds "3"]
[EventCountry "EGY"]
[SourceTitle "EXT 2009"]
[Source "ChessBase"]
[SourceDate "2008.11.26"]
[SourceVersion "1"]
[SourceVersionDate "2008.11.26"]
[SourceQuality "1"]
[WhiteTeam "El Shark"]
[BlackTeam "El Ray"]
[WhiteTeamCountry "EGY"]
[BlackTeamCountry "EGY"]

1. e4 d6 2. d4 Nf6 3. Nc3 g6 4. Nf3 c6 5. Be3 Nbd7 6. Qd2 b5 7. e5 Ng4 8. Bf4 dxe5 9. dxe5 Bg7 10. 0-0-0 b4 11. Nb5 cxb5 12. h3 Nxf2 13. Qxf2 Qa5 14. Kb1 0-0 15. h4 Nb6 16. Nd4 Be6 17. Nb3 Qa6 18. Qc5 Nc4 19. Qxe7 Rfc8 20. Qxb4 Bf8 21. Rd6 Nxd6 22. exd6 Qc6 23. Bd3 a5 24. Qxb5 Qxg2 25. Re1 a4 26. Nc1 Rcb8 27. Qc5 Bg7 28. Be5 Qg3 29. Bxg7 Qxe1 30. Bc3 Rc8 31. Qxc8+ Rxc8 32. Bxe1 f5 33. Bb5 a3 34. bxa3 Rb8 35. a4 Bc4 36. Nb3 Bxb5 37. axb5 Rxb5 38. c4 Rb8 39. Ba5 Kf7 40. d7 Ke7 41. d8Q+ Rxd8 42. Bxd8+ Kxd8 43. a4 h6 44. Nd4 Kd7 45. a5 f4 46. Kc2 g5 47. hxg5 hxg5 48. Kd3 Kc7 49. c5 Kb7 50. c6+ Kb8 51. a6 g4 52. Ke4 1-0